00695nam a2200181Ia 4500952016200000999001700162003000400179005001700183008004100200020001500241040000900256082002200265100002600287245009800313260004300411300000900454942005000463 00102ddc40708PUBLIC ADMINISTRATIONaMESbMEScSOCIAL SCIENCEd2019-02-20g595.00l0o355.000934 OPE/Op38570r2019-02-20 00:00:00w2019-02-20yBKzGL40R1 c21764d21764OSt20200609141832.0190216s9999||||xx |||||||||||||| ||und|| a8130700867 coclc a355.000934bOPE/O aOppert, Gustav 92688 0aOn The Weapons, Army Organisation,And Political Maxims Of The Ancient Hindus /cGustav Oppert bCosmo Publications,c2005.aNew Delhi: a162p cBK2ddch355.000934iOPE/Ek355.000934mOPE/E